<?xml version="1.0" encoding="UTF-8"?>
<record
    xmlns:xsi="http://www.w3.org/2001/XMLSchema-instance"
    xsi:schemaLocation="http://www.loc.gov/MARC21/slim http://www.loc.gov/standards/marcxml/schema/MARC21slim.xsd"
    xmlns="http://www.loc.gov/MARC21/slim">

  <leader>01290nam a22003134a 4500</leader>
  <controlfield tag="001">500</controlfield>
  <controlfield tag="003">BR-RjBN</controlfield>
  <controlfield tag="005">20260129100508.0</controlfield>
  <controlfield tag="008">101027s2010    rjb           000 f por</controlfield>
  <datafield tag="020" ind1=" " ind2=" ">
    <subfield code="a">9788501089625</subfield>
  </datafield>
  <datafield tag="040" ind1=" " ind2=" ">
    <subfield code="b">por</subfield>
  </datafield>
  <datafield tag="041" ind1="1" ind2=" ">
    <subfield code="a">por</subfield>
    <subfield code="h">eng</subfield>
  </datafield>
  <datafield tag="082" ind1=" " ind2=" ">
    <subfield code="a">813</subfield>
    <subfield code="b">K19f</subfield>
  </datafield>
  <datafield tag="100" ind1=" " ind2=" ">
    <subfield code="a">Kate, Lauren,</subfield>
    <subfield code="d">1981-</subfield>
    <subfield code="9">1072</subfield>
  </datafield>
  <datafield tag="240" ind1="0" ind2="0">
    <subfield code="a">Fallen.</subfield>
  </datafield>
  <datafield tag="245" ind1="1" ind2="0">
    <subfield code="a">Fallen /</subfield>
    <subfield code="c">Lauren Kate ; tradu&#xE7;&#xE3;o Alda Lima.</subfield>
  </datafield>
  <datafield tag="250" ind1=" " ind2=" ">
    <subfield code="a">2. ed. -</subfield>
  </datafield>
  <datafield tag="260" ind1=" " ind2=" ">
    <subfield code="a">Rio de Janeiro :</subfield>
    <subfield code="b">Galera Record,</subfield>
    <subfield code="c">2010.</subfield>
  </datafield>
  <datafield tag="300" ind1=" " ind2=" ">
    <subfield code="a">401p. ;</subfield>
  </datafield>
  <datafield tag="500" ind1=" " ind2=" ">
    <subfield code="a">
</subfield>
  </datafield>
  <datafield tag="520" ind1=" " ind2=" ">
    <subfield code="a">Algo parece estranhamente familiar em rela&#xE7;&#xE3;o a Daniel Grigori. Solit&#xE1;rio e enigm&#xE1;tico, ele chama a aten&#xE7;&#xE3;o de Luce logo no seu primeiro dia de aula no internato. A mudan&#xE7;a de escola foi dif&#xED;cil para a jovem, mas encontrar Daniel parece aliviar o peso das sombras que atormentam seu passado: um inc&#xEA;ndio misterioso levou Luce at&#xE9; ali. Irremediavelmente atra&#xED;da por Daniel, ela quer descobrir qual &#xE9; o segredo que ele precisa tanto esconder... mesmo que isso a aproxime da morte.
</subfield>
  </datafield>
  <datafield tag="650" ind1="0" ind2="0">
    <subfield code="a">Literatura Americana</subfield>
    <subfield code="9">84</subfield>
  </datafield>
  <datafield tag="650" ind1="0" ind2="0">
    <subfield code="a">Fantasia rom&#xE2;ntica</subfield>
    <subfield code="9">1074</subfield>
  </datafield>
  <datafield tag="650" ind1="0" ind2="0">
    <subfield code="a">Sobrenatural</subfield>
    <subfield code="9">538</subfield>
  </datafield>
  <datafield tag="650" ind1="0" ind2="0">
    <subfield code="a">Reencarna&#xE7;&#xE3;o</subfield>
    <subfield code="9">793</subfield>
  </datafield>
  <datafield tag="700" ind1=" " ind2=" ">
    <subfield code="a">Lima, Alda</subfield>
    <subfield code="e">TRADUTORA</subfield>
    <subfield code="9">1075</subfield>
  </datafield>
  <datafield tag="830" ind1=" " ind2=" ">
    <subfield code="a">Fallen</subfield>
    <subfield code="v">[v.1]</subfield>
    <subfield code="9">1073</subfield>
  </datafield>
  <datafield tag="942" ind1=" " ind2=" ">
    <subfield code="2">ddc</subfield>
    <subfield code="n">0</subfield>
    <subfield code="c">BK</subfield>
  </datafield>
  <datafield tag="952" ind1=" " ind2=" ">
    <subfield code="0">0</subfield>
    <subfield code="1">0</subfield>
    <subfield code="2">ddc</subfield>
    <subfield code="4">0</subfield>
    <subfield code="7">0</subfield>
    <subfield code="8">FIC</subfield>
    <subfield code="a">BIBIB</subfield>
    <subfield code="b">BIBIB</subfield>
    <subfield code="c">LE</subfield>
    <subfield code="d">2026-01-29</subfield>
    <subfield code="e">doa&#xE7;&#xE3;o</subfield>
    <subfield code="l">0</subfield>
    <subfield code="o">813 / K19f</subfield>
    <subfield code="p">2026-17434</subfield>
    <subfield code="r">2026-01-29 09:13:30</subfield>
    <subfield code="w">2026-01-29</subfield>
    <subfield code="y">BK</subfield>
  </datafield>
  <datafield tag="999" ind1=" " ind2=" ">
    <subfield code="c">500</subfield>
    <subfield code="d">500</subfield>
  </datafield>
</record>
